000 00759cam a22002653a 4500
001 10101
003 PGUSA
005 20140828083219.0
008 031101s2003||||xxu|||||s|||||000 1 eng d
040 _aPGUSA
_beng
042 _adc
050 4 _aPZ
100 1 _aHudson, W. H.
_q(William Henry),
_d1841-1922
245 1 2 _aA Little Boy Lost
_h[electronic resource] /
_cW. H. Hudson
260 _bProject Gutenberg,
_c2003
506 _aPublic domain in the USA.
516 _aElectronic text
653 _aFantasy
653 _aBoys -- Juvenile fiction
653 _aSelf-reliance -- Juvenile fiction
653 _aNature -- Juvenile fiction
830 0 _aProject Gutenberg
_v10101
856 4 0 _uhttp://www.gutenberg.org/ebooks/10101
942 _cEB
999 _c239356
_d239356